American Mountain People /

La National Geographic Special Publications Series es una colección documental iniciada en 1965 por la National Geographic Society, que presenta exploraciones a lugares y culturas de los cinco continentes, en volúmenes monográficos profusamente ilustrados que recuperan información geográfica, arqueo...

وصف كامل

محفوظ في:
التفاصيل البيبلوغرافية
مؤلفون آخرون: Anderson, Clay (autor) (autor), Dale, Bruce (fotógrafo) (fotógrafo), Breeden, Robert L. (prólogo) (prólogo)
التنسيق: كتاب
اللغة:الإنجليزية
منشور في: Washington, EUA : National Geographic Society, Special Publications Division, 1973, c1973
سلاسل:(National Geographic Special Publications Series)
الموضوعات:
الوسوم: إضافة وسم
لا توجد وسوم, كن أول من يضع وسما على هذه التسجيلة!

MARC

LEADER 00000nam^a2200000^a^4500
001 000391358
005 20250521000000.0
009 20260310121213.014
037 |a Acervo ITESO - Biblioteca 
041 |a ING 
082 |a 910.  |b NAT V. 9 
245 1 0 |a American Mountain People /  |c C. Anderson... [et al.] ; fotografía de B. Dale ; pról. de R.L. Breeden. 
264 4 |a Washington, EUA :  |b National Geographic Society, Special Publications Division,  |c 1973, c1973 
300 |a 199 p. 
336 |a texto  |b txt  |2 rdacontenido 
337 |a sin mediación  |b n  |2 rdamedio 
338 |a volumen  |b nc  |2 rdasoporte 
440 1 |a (National Geographic Special Publications Series) 
520 |a La National Geographic Special Publications Series es una colección documental iniciada en 1965 por la National Geographic Society, que presenta exploraciones a lugares y culturas de los cinco continentes, en volúmenes monográficos profusamente ilustrados que recuperan información geográfica, arqueológica, etnográfica, histórica y artística. La publicación inició con una frecuencia de tres números anuales, aunque pronto alcanzó el estándar de cuatro libros por año y tienen en su haber más de 115 títulos. La biblioteca del ITESO conserva 43 volúmenes, principalmente de la naturaleza y la geografía del continente americano. 
649 |a XX 
650 |a Campesinos -  |z EUA -  |x Condiciones Sociales y Culturales -  |x Tema Principal 
650 |a Montañas Rocallosas 
650 |a Montañas -  |z EUA 
650 |a EUA -  |x Descripción 
700 |a Anderson, Clay  |e (autor) 
700 |a Dale, Bruce  |e (fotógrafo) 
700 |a Breeden, Robert L.  |e (prólogo) 
910 |a Fondo General 
920 |a Impresos - Libros 
930 |a Obras de Referencia 
905 |a 102 
901 |a 0288600100  |b IT2  |c REF  |u 20250521 
902 |a https://opac.biblio.iteso.mx/vufind/Record/000391358